00270nam a2200121Ia 4500008004100000082001700041100001600058245001900074250000800093260003000101300000900131650000800140191201s2011 xx 000 0 und d a330.954bSHI aSHREE,Deepa 0aIndian Economy a3rd aN. DelhibAne Booksc2011 aMISC aBBA